|
|
|
|
| LEADER |
00000 a2200000 4500 |
| 005 |
20130321164936.0 |
| 007 |
cr|||| |||| |
| 008 |
130321c20109999rm fr|p s|||| 0|||a1eng d |
| 022 |
|
|
|a 2068696X
|
| 035 |
|
|
|a 7207
|
| 040 |
|
|
|a vLex
|
| 090 |
|
|
|c 3973
|d 3973
|
| 245 |
0 |
0 |
|a Journal of Advanced Research in Law and Economics
|h [Recurso electrn̤ico]
|
| 256 |
|
|
|a Servicio en ln̕ea
|
| 260 |
|
|
|a Bucaresti :
|b ASERS,
|c 2010-
|
| 300 |
|
|
|a 1 Recurso eletrn̤ico
|
| 506 |
|
|
|d vLex Global
|d vLex Global (Academic Edition, excluding Law Schools)
|d vLex Global (U.S. Academic Edition, Law Schools)
|d vLex Global (U.S. Academic Edition, excluding Law Schools)
|d vLex Global (Academic Edition, Law Schools)
|
| 650 |
0 |
4 |
|a Derecho
|v Revistas
|
| 650 |
0 |
4 |
|a Economa̕
|v Revistas
|
| 740 |
|
|
|a vLex Revistas (Servicio en ln̕ea)
|
| 856 |
|
|
|a Acceso restringido
|u http://www.vlex.com/source/7207
|
| 942 |
|
|
|c REV
|
| 999 |
|
|
|a Economics
|